| 000 -LEADER |
| fixed length control field |
01581nam a22001577a 4500 |
| 008 - FIXED-LENGTH DATA ELEMENTS--GENERAL INFORMATION |
| fixed length control field |
210929b ||||| |||| 00| 0 eng d |
| 100 ## - MAIN ENTRY--PERSONAL NAME |
| Personal name |
Baines, Erin and Oliveira, Camile |
| 245 ## - TITLE STATEMENT |
| Title |
Securing the future: Transformative justice and children ‘born of war’ |
| 260 ## - PUBLICATION, DISTRIBUTION, ETC. (IMPRINT) |
| Place of publication, distribution, etc |
Social & Legal Studies |
| 300 ## - PHYSICAL DESCRIPTION |
| Extent |
30(3), Jun, 2021: p.341-361 |
| 520 ## - SUMMARY, ETC. |
| Summary, etc |
Children born as the result of conflict related sexual violence often embody painful memories of war-affected communities. As a result, children ‘born of war’ experience abuse and neglect, social isolation and a sense of never-belonging. Existing scholarship grapples with the challenges of seeking justice for children ‘born of war’ given the complex ways their suffering is entangled with that of so many other victims. In post-conflict northern Uganda, a community-based organization composed of survivors of forced marriage and motherhood collectively seeks justice for their children in a process locally referred to as child tracing. The Women’s Advocacy Network brings together differently affected victim groups to help identify the paternal relatives of their children, mediate conflict and transform fractious relationships in order to secure a future for their children. Through this process, children who once divided communities, propel a collective reach towards justice. – Reproduced |
| 650 ## - SUBJECT ADDED ENTRY--TOPICAL TERM |
| Topical term or geographic name as entry element |
Children born of war, Post-conflict reconstruction, Survivor-led approaches, Transformative justi |
| 9 (RLIN) |
27822 |
| 773 ## - HOST ITEM ENTRY |
| Main entry heading |
Social & Legal Studies |
| 906 ## - LOCAL DATA ELEMENT F, LDF (RLIN) |
| Subject DIP |
CHILD WELFARE |
| 942 ## - ADDED ENTRY ELEMENTS (KOHA) |
| Item type |
Articles |